General Geography Knowledge - A - Statistics

General Stats
  • This quiz has been taken 76 times
  • The average score is 16 of 35
Answer Stats
Easiness Level Hint Answer % Correct
9 Easy Helen Keller and Rosa parks are from this state whose largest city is Birmingham. Alabama
90%
6 Easy The largest country in Africa, it is a large Arab country and exporter of oil. Algeria
90%
4 Easy Largest US state starting with A by area Alaska
82%
5 Easy Largest US state starting with A by population Arizona
82%
2 Easy Largest country starting with A by population Argentina
81%
1 Easy Largest country starting with A by area Australia
81%
8 Easy Taj Mahal is the monument that makes this city popular and famous Agra
79%
16 Medium Source is the Rockies; mouth is the Mississippi, it flows through kansas and oklahoma and is named after a state Arkansas River
76%
10 Easy Capital of south Australia, it is a coastal city known for its festivals, sporting events, food, etc. Adelaide
73%
24 Medium The capital of Paraguay Asuncion
73%
7 Easy It’s largest city is Calgary and Banff national park is located in this state Alberta
70%
13 Medium Lying on the Belgian River Scheldt, it is the second busiest port city in Europe. Antwerp
61%
12 Medium Largest city of the largest state of USA Anchorage
60%
28 Medium It is the largest desert in the world. Antarctica
57%
22 Medium The caucuses mountain range are there in this country whose capital has four letters. Azerbaijan
57%
26 Medium The capital of Samoa Apia
52%
14 Medium Second busiest airport is situated in this city Atlanta
52%
20 Medium It is a major port in the Middle East, after which even a gulf bordering Yemen has been named after. Aden
45%
18 Medium Jesus Christ and his disciples mostly spoke in this ancient Middle eastern language Aramaic
40%
19 Medium Tallest mountain in the Americas (North and South America) Aconcagua
39%
21 Medium It was an endorheic lake bordering two major 'stan' countries that isn't larger than UAE. Aral Sea
39%
23 Medium It is an Afro-asiatic language, spoken widely in the country of Ethiopia Amharic
36%
25 Medium Escudo is a major currency of this country Angola
36%
31 Medium The smallest owner of the Pyrenees mountain range. Armenia
30%
29 Medium Driest place on Earth Atacama Desert
25%
34 Hard A major German spa city situated near the borders of the Benelux. Aachen
21%
30 Medium What is written on the flag of Iraq? Allahu Akbar
19%
11 Medium The tenth largest river in the world famous for flowing on the border of two giant countries Amur River
19%
32 Hard It is a small British island whose capital is The valley. It is famous for beaches and bays like Rendezvous bay and Little bay. Anguilla
19%
3 Easy Largest city starting with A by population Ahmedabad
16%
35 Hard Eighth largest city in Africa by area and by population. It is the largest in its country Abidjan
15%
27 Medium This is the heaviest bird of prey named after the mountain range it is widely found in Andean condor
9%
17 Medium This large and populated chinese city is an inland prefecture level city is China's iron and steel capital. Anshan
6%
15 Medium The name of the hills situated to the right of Rajasthan blocking it from rain winds Aravalli
4%
33 Hard It is a scenic and beautiful crater lake located close to Mt. Fuji in the island of Honshu. Ashi
1%
No matching quizzes found
Score Distribution
Percent of People with Each Score
Percentile by Number Answered
Your Score History
You have not taken this quiz